LEADER 01354nam--2200445---450- 001 990003187720203316 005 20090115174514.0 010 $a978-88-15-11888-2 035 $a000318772 035 $aUSA01000318772 035 $a(ALEPH)000318772USA01 035 $a000318772 100 $a20090114d2007----km-y0itay50------ba 101 $aita 102 $aIT 105 $a||||||||001yy 200 1 $aCorso di sociologia$fArnaldo Bagnasco, Marzio Barbagli, Alessandro Cavalli 205 $aNuova ed. 210 $aBologna$cIl Mulino$d2007 215 $a641 p.$d25 cm 225 2 $aStrumenti$iSociologia 410 0$12001$aStrumenti$iSociologia 454 0$12001 606 0 $aSociologia$2BNCF 676 $a301 700 1$aBAGNASCO,$bArnaldo$f<1939- >$034668 701 1$aBARBAGLI,$bMarzio$044623 701 1$aCAVALLI,$bAlessandro$033059 801 0$aIT$bsalbc$gISBD 912 $a990003187720203316 951 $aII.5. Coll. 15/27$b214438 L.M.$cII.5.$d00184157 951 $aII.5. Coll. 15/27a$b214381 L.M.$cII.5.$d00184060 959 $aBK 969 $aUMA 979 $aALESSANDRA$b90$c20090114$lUSA01$h1012 979 $aALESSANDRA$b90$c20090114$lUSA01$h1014 979 $aGIUSY$b90$c20090115$lUSA01$h1745 979 $aANNAMARIA$b90$c20130514$lUSA01$h0857 996 $aCorso di sociologia$965090 997 $aUNISA LEADER 01733nas 2200529-a 450 001 9910892604503321 005 20260218112601.0 011 $a1314-409X 035 $a(CKB)958480190024 035 $a(CONSER)---82642755- 035 $a(DE-599)ZDB2866078-X 035 $a(DE-599)2866078-X 035 $a(EXLCZ)99958480190024 100 $a19820421a19uu9999 --o c 101 0 $abul 181 $ctxt$2rdacontent 182 $cc$2rdamedia 183 $acr$2rdacarrier 200 00$aProblemi na tekhnicheskata kibernetika i robotikata 210 $aSofii?a $cIzd-vo na B?lgarskata akademii?a na naukite 215 $a1 online resource 311 08$aPrint version: Problemi na tekhnicheskata kibernetika i robotikata. (DLC) 82642755 (OCoLC)8356850 0204-9848 517 1 $aProblems of engineering cybernetics and robotics 531 $aPROBLEMI NA TEKHNICHESKATA KIBERNETIKA I ROBOTIKA 531 $aPROBLEMI TEKHN. KIBERNET. ROBOT 606 $aAutomatic control 606 $aMachine theory 606 $aRobots 606 $aAutomatic control$2fast$3(OCoLC)fst00822702 606 $aMachine theory$2fast$3(OCoLC)fst01004846 606 $aRobots$2fast$3(OCoLC)fst01099038 606 $aRobotica$2gtt 606 $aCybernetica$2gtt 615 0$aAutomatic control. 615 0$aMachine theory. 615 0$aRobots. 615 7$aAutomatic control. 615 7$aMachine theory. 615 7$aRobots. 615 17$aRobotica. 615 17$aCybernetica. 712 02$aBu?lgarska akademii?a? na naukite. 906 $aJOURNAL 912 $a9910892604503321 920 $aexl_impl conversion 996 $aProblemi na tekhnicheskata kibernetika i robotikata$94272317 997 $aUNINA